| 000 | 01399 am a2200421 a 4500 | ||
|---|---|---|---|
| 005 | 20240628080330.0 | ||
| 008 | 100922s1995||||sp a f |||| 001 0 spa d | ||
| 020 | _a8480861053 | ||
| 041 | _aspa | ||
| 092 |
_c611.018 _l81 _sSTE |
||
| 100 | 1 |
_aStevens, Alan. _9945 |
|
| 245 |
_aTexto y atlas de histología / _cAlan Stevens |
||
| 250 |
_a1a ed. 1a reimp. _bTraducción José A. Dominguez Delgado ; Angeles Peiro Grasa y Eduard Ybran Fadrique. |
||
| 260 |
_aMadrid: _bMosby ; Doyma; _c1995. |
||
| 300 |
_a378 p. _bil. |
||
| 500 | _aStevens, A. y Lowe, J. (1995). Texto y atlas de histología. (1a ed.). Madrid : Mosby ; Doyma. | ||
| 653 | _aCélula | ||
| 653 | _aCélulas epiteliales | ||
| 653 | _aCélulas de sostén y matriz extracelular | ||
| 653 | _aCélulas contráctiles | ||
| 653 | _aCélulas sanguíneas | ||
| 653 | _aSistema inmunitario | ||
| 653 | _aSistemas circulatorios sanguíneo y linfático | ||
| 653 | _aSistema respiratorio | ||
| 653 | _aTracto alimentario | ||
| 653 | _aSistema hepatobiliar | ||
| 653 | _aSentidos especiales | ||
| 653 | _aSistema nervioso | ||
| 653 | _aSistema musculoesquelético | ||
| 653 | _aSistema endocrino | ||
| 653 | _aSistema urinario | ||
| 653 | _aSistema reproductor masculino | ||
| 653 | _aSistema reproductor femenino | ||
| 653 | _aPiel y mama | ||
| 700 | 1 |
_aLowe, James. _9946 |
|
| 930 | _a337 | ||
| 942 |
_2ddc _cBK |
||
| 999 |
_c750 _d750 |
||